MARC

LEADER 00000nam0a2200000 4500
001 186498
005 20231031173546.0
035 |a (RuTPU)RU\TPU\book\202347 
090 |a 186498 
100 |a 20101028d1980 km y0rusy50 ca 
101 1 |a rus  |c fre 
102 |a RU 
105 |a a z 001zy 
200 1 |a Введение в интегральную оптику  |e пер. с фр.  |f Ж.-Ж. Клэр 
210 |a Москва  |c Советское радио  |d 1980 
215 |a 104 с.  |c ил. 
320 |a Библиогр.: с. 100-101. 
610 1 |a интегральная оптика 
610 1 |a оптические волокна 
610 1 |a плоские волноводы 
610 1 |a изготовление 
610 1 |a связь 
610 1 |a источники света 
610 1 |a модуляторы 
610 1 |a будущее 
675 |a 621.383.049  |v 3 
700 1 |a Клэр  |b Ж.-Ж.  |g Жан-Жак 
801 1 |a RU  |b 63413507  |c 20101028 
801 2 |a RU  |b 63413507  |c 20160518  |g RCR 
942 |c BK